• 首页
  • 本馆介绍
  • 公告通知
  • 最新文献
  • 馆藏检索
  • 电子资源
  • 读者导购
  • 参考咨询
  • 我的图书馆
  • 登录
  • 详细信息显示
  • 放入我的书架
  • 预约/预借图书
  • 作者相关作品
  • 分类相关作品
  • 丛书相关作品
  • 出版社相关作品

书目信息

  • 表格格式
  • 工作单格式
  • 卡片格式
题名:
中药制剂药物动力学
    
 
作者: 周莉玲 主编 ;付湘 , 邓少东 参编
分册:  
出版信息: 北京   人民卫生出版社  2012.10
页数: 12, 436页
开本: 27cm
丛书名:
单 册:
中图分类: R283
科图分类:
主题词: 中药制剂学--药物代谢动力学
电子资源:
ISBN: 978-7-117-15630-1
000 01345nam0 2200277 45
001 1354550499
005 20130510094132.46
010    @a978-7-117-15630-1@b精装@dCNY68.00
100    @a20130108d2012 em y0chiy0121 ea
101 0  @achi
102    @aCN@b110000
105    @aak a 000yy
106    @ar
200 1  @a中药制剂药物动力学@AZhong Yao Zhi Ji Yao Wu Dong Li Xue@f周莉玲主编@FZhou Li Ling Zhu Bian
210    @a北京@c人民卫生出版社@d2012.10
215    @a12, 436页@c图@d27cm
314    @a本书参编人员: 邓少东, 付湘, 赖宝林, 李得堂, 李宗奕等
320    @a有书目
330    @a本书共十二章, 内容紧扣中药制剂和与中药制剂发展相关的药物动力学研究。其中第1-第5章介绍药物动力学和中药制剂药物动力学研究的基础知识、特点、方法及其发展, 并收集了药物动力学相关软件、生物样品的采集、处理和检测等资料; 第6-第10章介绍中药制剂药物动力学研究的进展, 重点探讨微透析采样技术及其在中药新型给药系统药物动力学, 特别是局部药动学和PK-PD结合模型研究中的探索应用; 第11-第12章侧重于中药药动学在中药制剂研究中的应用。全书各章节通过不同类型中药制剂药物动力学的研究实例进行展示, 力求为读者提供更多的信息。
606 0  @a中药制剂学@x药物代谢动力学
690    @aR283@v5
701  0 @a周莉玲@AZhou Li Ling@4主编
702  0 @a付湘@AFu Xiang@4参编
702  0 @a邓少东@ADeng Shao Dong@4参编
801    @aCN@bTANGWEI@c20130109
905    @b0830827-29@dR283@e295@f3
    
    中药制剂药物动力学/周莉玲主编.-北京:人民卫生出版社,2012.10
    12, 436页:图;27cm
    
    
    ISBN 978-7-117-15630-1(精装):CNY68.00
    本书共十二章, 内容紧扣中药制剂和与中药制剂发展相关的药物动力学研究。其中第1-第5章介绍药物动力学和中药制剂药物动力学研究的基础知识、特点、方法及其发展, 并收集了药物动力学相关软件、生物样品的采集、处理和检测等资料; 第6-第10章介绍中药制剂药物动力学研究的进展, 重点探讨微透析采样技术及其在中药新型给药系统药物动力学, 特别是局部药动学和PK-PD结合模型研究中的探索应用; 第11-第12章侧重于中药药动学在中药制剂研究中的应用。全书各章节通过不同类型中药制剂药物动力学的研究实例进行展示, 力求为读者提供更多的信息。
●
相关链接 在E读中查询图书 在五车中查询图书 在当当中查询图书 在豆瓣中查询图书


正题名:中药制剂药物动力学     索取号:R283/295         预约/预借

序号 登录号 条形码 馆藏地/架位号 状态 备注
1 0830827   208308277   第二样本阅览室/ [索取号:R283/295] 在馆    
2 0830828   208308286   第三借阅区/ [索取号:R283/295] 在馆    
3 0830829   208308295   第三借阅区/ [索取号:R283/295] 在馆    
唐山师范学院图书馆 欢迎您!
大连网信软件有限公司© 版权所有